| 000 | 00738nam a2200181Ia 4500 | ||
|---|---|---|---|
| 008 | 100921s9999 xx 000 0 und d | ||
| 082 |
_b2597 _a923.2 थ 56 |
||
| 100 | _aडोळे नारायण य. | ||
| 245 | _aपंडित जवाहरलाल नेहरू. | ||
| 260 |
_bचित्रशाळा प्रेस,पुणे. _c1956 |
||
| 300 |
_a112 _b--- |
||
| 365 | _b1.5 | ||
| 520 | _aचरित्रे-राजकारणी व्यिक्त. | ||
| 630 | _aपंडित जवाहरलाल नेहरू. | ||
| 650 | _aचरित्रे-राजकारणी व्यिक्त. | ||
| 730 | _aपंडित जवाहरलाल नेहरू. | ||
| 942 | _cBOOK | ||
| 999 |
_c751710 _d751707 |
||